Quality management in construction

Gespeichert in:
Bibliographische Detailangaben
1. Verfasser: Gašparík, Jozef, 1957- (Verfasst von)
Format: Buch
Sprache:Englisch
Veröffentlicht: 2014 : Tribun EU, 2014
Ausgabe:1. vyd.
Schlagworte:
Tags: Tag hinzufügen
Keine Tags, Fügen Sie das erste Tag hinzu!

MARC

LEADER 00000nam a22000003a 4500
001 stu299445
005 20220317191633.5
008 141022s--------xr------------------eng-d
020 |a 978-80-263-0802-7 
035 |a biblio/258192  |2 CREPC2 
040 |a STU  |b slo 
041 0 |a eng 
044 |a xr 
100 1 |a Gašparík, Jozef,  |d 1957-  |4 aut  |u V270  |9 100  |U SvF Stavebná fakulta  |T SvF Katedra technológie stavieb  |X 2737  |U V270  |Y 28  |7 A000002737 
242 0 0 |a Manažérstvo kvality v stavebníctve  |y slo 
245 1 |a Quality management in construction  |h [elektronický zdroj] 
250 |a 1. vyd. 
260 |a 2014 :  |b Tribun EU,  |c 2014 
300 |a CD ROM, 127 s. 
650 7 |a Management  |2 estusub 
650 7 |a kvalita  |2 stusub 
650 7 |a manažérstvo  |2 stusub 
996 |b 284V036383  |c V*523/A  |l VVT  |s A  |a 24  |w stu299445_0001